| 000 | 05135cgm a2200985Ii 4500 | ||
|---|---|---|---|
| 001 | ocn908169012 | ||
| 003 | OCoLC | ||
| 005 | 20200320193944.0 | ||
| 007 | vd cvaizq | ||
| 008 | 150429p20152014cau110 e vleng d | ||
| 020 | _c15.95 | ||
| 024 | 1 | _a876964008525 | |
| 024 | 1 | _a876964008563 | |
| 028 | 4 | 1 |
_a10852 _bMagnolia Home Entertainment |
| 028 | 4 | 1 |
_a10856 _bMagnolia Home Entertainment |
| 029 | 1 |
_aDEBSZ _b430162081 |
|
| 035 | _a(OCoLC)908169012 | ||
| 037 |
_bMidwest Tape _nhttp://www.midwesttapes.com |
||
| 040 |
_aTEFMT _beng _erda _cTEFMT _dOCLCO _dTEF _dTNH _dDEBSZ _dIK2 _dPX0 _dOCLCO _dGK8 _dIZ2 _dKAA _dWACOL |
||
| 041 | 1 |
_aeng _jspa _jeng |
|
| 043 | _an-us-nc | ||
| 049 | _aWACL | ||
| 050 | 4 |
_aPN1997.2 _b.S47 2015 |
|
| 082 | 0 | 4 |
_a791.43/72 _223 |
| 092 |
_aDVD _bSer |
||
| 245 | 0 | 0 |
_aSerena / _cMagnolia Pictures, 2929 Productions, and Studiocanal present ; a Nick Wechsler and Chockstone Pictures production ; a Susanne Bier film ; produced by Nick Wechsler, Susanne Bier [and five others] ; screenplay by Christopher Kyle ; directed by Susanne Bier. |
| 257 |
_aUnited States _2naf |
||
| 264 | 1 |
_aLos Angeles, California : _bMagnolia Home Entertainment, _c[2015] |
|
| 300 |
_a1 videodisc (approximately 110 minutes) : _bsound, color ; _c4 3/4 in. |
||
| 336 | _atwo-dimensional moving image | ||
| 337 | _avideo | ||
| 338 | _avideodisc | ||
| 340 |
_b4 3/4 in. _2rda |
||
| 344 |
_adigital _boptical _gsurround _hDolby Digital 5.1 _2rda |
||
| 345 |
_awidescreen (2.39:1) _b24 fps _2rda |
||
| 346 |
_bNTSC _2rda |
||
| 347 |
_avideo file _bDVD video _eRegion 1 _2rda |
||
| 380 | _aMotion picture | ||
| 500 | _aWidescreen. | ||
| 538 | _aDVD, NTSC region 1, anamorphic widescreen (2.39:1) presentation; Dolby Digital 5.1 surround. | ||
| 546 | _aIn English; Spanish subtitles; English subtitles for the deaf and hard-of-hearing (SDH). | ||
| 588 | 0 | _aTitle from disc surface. | |
| 511 | 1 | _aBradley Cooper, Jennifer Lawrence, Rhys Ifans, Toby Jones, David Dencik, Sean Harris, Ana Ularu. | |
| 508 | _aMusic, Johan Soderqvist ; editor, Matt Newman, Pernille Bech Christensen ; production desiger, Richard Bridgland ; director of photography, Morten Soborg. | ||
| 500 | _aBased on the book by Ron Rash. | ||
| 500 | _aOriginally released as a motion picture in 2014. | ||
| 521 | 8 | _aMPAA rating: R; for some violence and sexuality. | |
| 520 | _aIn 1929, just as the Depression has hit, George and Serena Pemberton, love-struck newlyweds, move from Boston to North Carolina to build a timber empire. Serena soon proves herself to be equal to any man: overseeing loggers, hunting rattlesnakes, even saving a man's life in the wilderness. With power and influence now in their hands, the Pembertons refuse to let anyone stand in the way of their inflated love and ambitions. However, once Serena discovers George's hidden past and faces an unchangeable fate of her own, the Pembertons' passionate marriage begins to unravel. | ||
| 500 | _aSpecial features: Deleted scenes; The Making of Serena; Exploring the production design and time period; Following the screenwritting; Breaking down the set. | ||
| 650 | 0 |
_aNewlyweds _zNorth Carolina _vDrama. _95899467 |
|
| 650 | 0 |
_aLumber trade _zNorth Carolina _vDrama. _95899468 |
|
| 650 | 0 |
_aAvarice _vDrama. _95765612 |
|
| 650 | 0 |
_aAmbition _vDrama. _95768219 |
|
| 650 | 0 |
_aMurder _vDrama. _95696159 |
|
| 650 | 0 |
_aMarital conflict _vDrama. _95899469 |
|
| 650 | 0 |
_aInfertility, Female _vDrama. _95899470 |
|
| 650 | 0 |
_aDepressions _y1929 _vDrama. _95773441 |
|
| 650 | 0 |
_aCorruption _vDrama. _95756551 |
|
| 650 | 0 |
_aEnvironmentalism _vDrama. _95899471 |
|
| 651 | 0 |
_aNorth Carolina _xHistory _y20th century _vDrama. _95899472 |
|
| 655 | 7 |
_aFeature films. _2lcgft _95899473 |
|
| 655 | 7 |
_aFilm adaptations. _2lcgft _95899474 |
|
| 655 | 7 |
_aFiction films. _2lcgft _95674705 |
|
| 655 | 7 |
_aVideo recordings for the hearing impaired. _2lcgft _95899475 |
|
| 700 | 1 |
_aBier, Susanne, _d1960- _efilm director, _efilm producer. _972884 |
|
| 700 | 1 |
_aKyle, Christopher, _escreenwriter. _944836 |
|
| 700 | 1 |
_aWechsler, Nick, _efilm producer. _962984 |
|
| 700 | 1 |
_aCooper, Bradley, _eactor. _970765 |
|
| 700 | 1 |
_aLawrence, Jennifer, _d1990- _eactor. _95692610 |
|
| 700 | 1 |
_aIfans, Rhys, _d1968- _eactor. _968361 |
|
| 700 | 1 |
_aJones, Toby, _d1967- _eactor. _973849 |
|
| 700 | 1 |
_aDencik, David, _d1974- _eactor. _95899476 |
|
| 700 | 1 |
_aHarris, Sean, _d1966- _eactor. _95899477 |
|
| 700 | 1 |
_aUlaru, Ana, _eactor. _95899478 |
|
| 700 | 1 |
_iMotion picture adaptation of (work): _aRash, Ron, _d1953- _tSerena. _95899479 |
|
| 710 | 2 |
_a2929 Productions (Firm), _epresenter. _95851907 |
|
| 710 | 2 |
_aStudio Canal, _epresenter. _95899480 |
|
| 710 | 2 |
_aChockstone Pictures, _eproduction company. _95899481 |
|
| 710 | 2 |
_aMagnolia Home Entertainment (Firm), _epresenter, _efilm distributor. _973285 |
|
| 730 | 0 | 2 |
_iContainer of (expression): _aSerena. _lSpanish. _95899482 |
| 942 |
_cDVD _018 |
||
| 948 |
_a06/16/2015 _zSirsi |
||
| 994 |
_aC0 _bWACOL |
||
| 996 |
_a118793 _b34301001430992 _cDVD _dDVD _ewcl _fi _g18 _h15.95 _lamazon _mSer _p06/16/2015 _q10/18/2019 _r10/11/2019 |
||
| 999 |
_c286996 _d286996 |
||